| 000 | 01057nam a2200277 i 4500 | ||
|---|---|---|---|
| 001 | 16938 | ||
| 003 | ES-MaACL | ||
| 005 | 20230906164815.0 | ||
| 007 | t| | ||
| 008 | 001124s1983 sp a ||||0| spa j | ||
| 040 |
_aM-BN _bspa _cM-BN |
||
| 080 | _a73 Ferrant, Angel:061.43(464.1M)"1983" | ||
| 080 | _a929 Ferrant, Angel | ||
| 100 | 1 |
_aFerrant, Angel. _950293 |
|
| 245 | 1 | 0 |
_aAngel Ferrant _b: [exposición], mayo-julio, 1983, Madrid, Palacio de Cristal / _cMinisterio de Cultura, Dirección General de Bellas Artes y Archivos. |
| 260 |
_a[Madrid] : _bDirección General de Bellas Artes y Archivos, _cD.L. 1983. |
||
| 300 |
_a248 p : _bil. neg. y col ; _c29 cm. |
||
| 504 | _aBibliografía: p. 241-247. Indice. | ||
| 600 | 1 | 4 |
_aFerrant, Angel- _vExposiciones. _950294 |
| 655 | 7 |
_2tgfbne _9193628 _aCatálogos de exposiciones |
|
| 710 | 1 |
_aEspaña. _bDirección General de Bellas Artes y Archivos. _93708 |
|
| 852 |
_aES-MaACL _jG-3847 _bR.123360 |
||
| 852 |
_aES-MaACL _jL-4933 _bR.105673 |
||
| 942 | _2udc | ||
| 999 |
_c16938 _d16938 |
||